[Event "13. Lichtenberger Sommer"]
[Site "?"]
[Date "2014.08.18"]
[Round "3.87"]
[White "Herrmann, Eberhard"]
[Black "Abraham, Helmut"]
[Result "1-0"]
[WhiteElo "1852"]
[BlackElo "1553"]
[PlyCount "42"]
[EventDate "2014.??.??"]
[WhiteTeam "SC Friesen Lichtenberg e.V."]
[BlackTeam "SC Kreuzberg e.V."]

1. e4 c5 2. Nc3 e6 3. Bc4 a6 4. a4 Nc6 5. Nge2 Nf6 6. d3 d6 7. Ng3 Bd7 8. O-O
Be7 9. f4 Na5 10. Ba2 b5 11. e5 Ng8 12. axb5 axb5 13. f5 dxe5 14. fxe6 Bxe6 15.
Bxe6 fxe6 16. Qh5+ g6 17. Qf3 Nf6 18. Bh6 Rb8 19. Bg7 Rg8 20. Bxf6 Qd4+ 21. Kh1
Nc6 1-0

[Event "13. Lichtenberger Sommer"]
[Site "?"]
[Date "2014.08.18"]
[Round "3.88"]
[White "Feyer, Leon"]
[Black "Boeck, Rüdiger"]
[Result "1-0"]
[WhiteElo "1660"]
[BlackElo "1815"]
[PlyCount "75"]
[EventDate "2014.??.??"]
[WhiteTeam "SV Empor Berlin e.V."]
[BlackTeam "SC Weiße Dame Ulm e.V."]

1. e4 e5 2. Nf3 Nc6 3. Bb5 a6 4. Ba4 Nf6 5. O-O b5 6. Bb3 Bc5 7. c3 d6 8. d4
Bb6 9. dxe5 dxe5 10. Qxd8+ Nxd8 11. Nxe5 O-O 12. Bg5 Nd7 13. Nxd7 Bxd7 14. Re1
c5 15. Bd5 Rc8 16. Nd2 Kh8 17. Nf3 f6 18. Be3 Ne6 19. Rad1 Nc7 20. Bb7 Rcd8 21.
Rd6 Ba7 22. Red1 Rf7 23. Bc6 Kg8 24. Rxd7 Rfxd7 25. Rxd7 Rxd7 26. Bxd7 Kf8 27.
Bf4 Ke7 28. Bf5 Ne6 29. Be3 g6 30. Bxe6 Kxe6 31. Kf1 Kd6 32. Ke2 a5 33. b4 axb4
34. cxb4 Kc6 35. Kd2 Bb6 36. Bxc5 Bxc5 37. bxc5 Kxc5 38. Kc3 1-0

[Event "13. Lichtenberger Sommer"]
[Site "?"]
[Date "2014.08.18"]
[Round "3.89"]
[White "Exner, Roland"]
[Black "Möller, Dirk"]
[Result "1-0"]
[WhiteElo "1908"]
[BlackElo "1624"]
[PlyCount "71"]
[EventDate "2014.??.??"]
[WhiteTeam "SV Berolina Mitte e.V."]
[BlackTeam "SC Kreuzberg e.V."]

1. d4 f5 2. g3 Nf6 3. Bg2 e6 4. Nf3 d6 5. c4 Be7 6. Nc3 Bd7 7. O-O O-O 8. Re1
c6 9. e4 fxe4 10. Nxe4 Na6 11. Neg5 Nc7 12. h4 Qe8 13. Qd3 Qg6 14. Qxg6 hxg6
15. Bd2 Nh5 16. Re2 Rae8 17. Rae1 Bd8 18. Ne4 Be7 19. Neg5 Bd8 20. Bh3 Re7 21.
Kg2 Rfe8 22. b3 c5 23. dxc5 dxc5 24. Ne5 Bc6+ 25. Kh2 Nf6 26. Bc3 Na6 27. Nxg6
Rc7 28. Rxe6 Bd7 29. Rxe8+ Nxe8 30. Bxd7 Bxg5 31. Rxe8+ Kh7 32. Nf8+ Kh6 33.
hxg5+ Kh5 34. Bd2 Nb4 35. g4+ Kh4 36. Ng6# 1-0

[Event "13. Lichtenberger Sommer"]
[Site "?"]
[Date "2014.08.18"]
[Round "3.90"]
[White "Becker, Uwe"]
[Black "Jacob, Karl"]
[Result "1/2-1/2"]
[WhiteElo "1743"]
[BlackElo "1697"]
[PlyCount "72"]
[EventDate "2014.??.??"]
[WhiteTeam "SV Glück auf Rüdersdorf e.V."]
[BlackTeam "Schachfreunde Hettstedt"]

1. f4 e5 2. fxe5 d6 3. Nf3 dxe5 4. e4 Bc5 5. Bc4 Bg4 6. Bxf7+ Ke7 7. d3 Qd6 8.
Bxg8 Rxg8 9. Bg5+ Ke8 10. Nc3 c6 11. Rf1 Nd7 12. Qd2 h6 13. Be3 Rf8 14. O-O-O
Bxf3 15. gxf3 Ke7 16. Bxc5 Qxc5 17. f4 exf4 18. Rxf4 Rxf4 19. Qxf4 Rf8 20. Qg3
g5 21. d4 Qd6 22. Qxd6+ Kxd6 23. e5+ Ke6 24. Rd2 Rf1+ 25. Nd1 h5 26. c3 g4 27.
Rf2 Rg1 28. Kd2 h4 29. Ne3 h3 30. Rf1 Rxf1 31. Nxf1 Nb6 32. b3 Nd5 33. c4 Ne7
34. Ke3 c5 35. d5+ Kxe5 36. Kf2 Nf5 1/2-1/2

[Event "13. Lichtenberger Sommer"]
[Site "?"]
[Date "2014.08.18"]
[Round "3.92"]
[White "Stiemerling, Karl-Heinz"]
[Black "Bullig, Reinhard"]
[Result "0-1"]
[WhiteElo "1579"]
[BlackElo "1772"]
[PlyCount "123"]
[EventDate "2014.??.??"]
[WhiteTeam "SG Eckturm"]
[BlackTeam "Sfrd. Berlin 1903 e.V."]

1. d4 f5 2. c4 Nf6 3. Nc3 g6 4. Nf3 Bg7 5. e3 O-O 6. Bd3 c6 7. O-O d6 8. b3 Qe8
9. Ba3 b6 10. Rc1 c5 11. dxc5 bxc5 12. Bb2 Bb7 13. Nd5 Nxd5 14. Bxg7 Kxg7 15.
cxd5 Bxd5 16. Bc4 Bxc4 17. Rxc4 Nd7 18. Qa1+ e5 19. Rd1 Qe7 20. h4 h6 21. g3
Kh7 22. Ra4 Nb6 23. Ra3 Rfe8 24. h5 g5 25. Nh2 d5 26. Ra5 d4 27. exd4 exd4 28.
Qb1 Rf8 29. Re1 Qd6 30. g4 d3 31. Rd1 Rfd8 32. gxf5 Rd7 33. Ng4 Qd4 34. Ne3 Kg7
35. Qc1 Rc8 36. Qa1 Qxa1 37. Rxa1 c4 38. bxc4 Nxc4 39. f6+ Kf7 40. Nxc4 Rxc4
41. Kf1 d2 42. Rd1 Re4 43. f3 Re6 44. Rf5 Ra6 45. a4 Rxa4 46. Re5 Kxf6 47. Re2
Rad4 48. Kf2 a5 49. Re3 Kf5 50. Ke2 a4 51. Ra3 Re7+ 52. Kf2 Kf4 53. Rc3 Red7
54. Rc6 R7d6 55. Rc7 Ra6 56. Rf7+ Ke5 57. Ke3 Rdd6 58. Re7+ Kf6 59. Rh7 Kf5 60.
Rc7 a3 61. Rc5+ Kf6 62. Rxd2 0-1

[Event "13. Lichtenberger Sommer"]
[Site "?"]
[Date "2014.08.18"]
[Round "3.93"]
[White "Khorolskyi, Borys"]
[Black "Wicklein, Christian"]
[Result "1-0"]
[WhiteElo "1879"]
[BlackElo "1413"]
[PlyCount "52"]
[EventDate "2014.??.??"]
[WhiteTeam "vereinslos"]
[BlackTeam "vereinslos"]

1. d4 Nf6 2. Nf3 e6 3. Bg5 c5 4. Nc3 cxd4 5. Nxd4 d5 6. e3 a6 7. Bd3 Bb4 8. O-O
Nbd7 9. Nde2 Ne5 10. a3 Be7 11. e4 d4 12. Nxd4 Nxd3 13. Qxd3 O-O 14. Rad1 Nd7
15. Be3 Qc7 16. f4 Rd8 17. f5 Ne5 18. Qe2 Bxa3 19. Ncb5 axb5 20. Nxb5 Qe7 21.
Nxa3 exf5 22. exf5 Bd7 23. Bd4 Nc6 24. Qxe7 Nxe7 25. Bb6 Nxf5 26. Bxd8 Rxd8 1-0

[Event "13. Lichtenberger Sommer"]
[Site "?"]
[Date "2014.08.18"]
[Round "3.94"]
[White "Dathe, Frederick"]
[Black "Bolle, Dietrich"]
[Result "1-0"]
[WhiteElo "1594"]
[BlackElo "1655"]
[PlyCount "55"]
[EventDate "2014.??.??"]
[WhiteTeam "Schachunion Berlin e.V."]
[BlackTeam "SG Eckturm"]

1. d4 Nf6 2. c4 e6 3. a3 d5 4. Nc3 Be7 5. Bf4 Nc6 6. e3 O-O 7. Nf3 Bd6 8. Bg5
Be7 9. Bd3 h6 10. Bh4 Ng4 11. Bg3 Nf6 12. O-O Nh5 13. b4 a6 14. Qb3 Nxg3 15.
hxg3 dxc4 16. Bxc4 b5 17. Be2 Bb7 18. Rad1 Bf6 19. Ne4 Na7 20. Nc5 Bd5 21. Qc2
Nc8 22. e4 Bc4 23. Bxc4 bxc4 24. Qxc4 Nd6 25. Qb3 Be7 26. Ne5 Nb5 27. a4 Nxd4
28. Qc4 1-0

[Event "13. Lichtenberger Sommer"]
[Site "?"]
[Date "2014.08.18"]
[Round "3.95"]
[White "Bauer, Stefan"]
[Black "Casny, Guenter"]
[Result "1/2-1/2"]
[WhiteElo "1614"]
[BlackElo "1854"]
[PlyCount "40"]
[EventDate "2014.??.??"]
[WhiteTeam "SC Kreuzberg e.V."]
[BlackTeam "SC Rochade e.V."]

1. c4 Nf6 2. d4 e6 3. Nc3 d5 4. Bg5 Nbd7 5. e3 Be7 6. Bd3 h6 7. Bh4 O-O 8. Nf3
dxc4 9. Bxc4 a6 10. a4 Re8 11. e4 c6 12. e5 Nd5 13. Bxe7 Qxe7 14. O-O N7b6 15.
Bd3 Nxc3 16. bxc3 Nd5 17. Qd2 Bd7 18. c4 Nc7 19. Be4 Rab8 20. Rfb1 Rec8 1/2-1/2

[Event "13. Lichtenberger Sommer"]
[Site "?"]
[Date "2014.08.18"]
[Round "3.95"]
[White "Bauer, Stefan"]
[Black "Casny, Guenter"]
[Result "1-0"]
[WhiteElo "1614"]
[BlackElo "1854"]
[PlyCount "151"]
[EventDate "2014.??.??"]
[WhiteTeam "SC Kreuzberg e.V."]
[BlackTeam "SC Rochade e.V."]

1. Nf3 c5 2. c4 Nc6 3. Nc3 e6 4. d3 Nf6 5. h3 Be7 6. Bf4 a6 7. e4 d6 8. Bh2 O-O
9. a3 Qc7 10. Be2 Bd7 11. O-O Nd4 12. Nxd4 cxd4 13. Nb1 Qb6 14. b4 Rfc8 15. Nd2
a5 16. b5 d5 17. e5 Ne8 18. a4 Bb4 19. Rc1 Nc7 20. Nf3 Rf8 21. Qc2 Rac8 22. Rb1
dxc4 23. dxc4 Nd5 24. Bd3 g6 25. Rb3 Bc3 26. cxd5 exd5 27. Qe2 f5 28. Bf4 h6
29. Bxh6 Rf7 30. Bg5 Rh7 31. Bf6 Re8 32. Qd1 Be6 33. Ng5 Rh5 34. f4 Qc5 35. Qf3
b6 36. Qg3 Rh6 37. Nf3 Qc8 38. Kh2 Qd7 39. Rc1 Rc8 40. Rc2 Rc5 41. Qf2 Qc8 42.
Qg3 Kh7 43. Ng5+ Kg8 44. Nf3 Kh7 45. Rb1 Kg8 46. Be7 Rc4 47. Bxc4 dxc4 48. Qg5
Rh7 49. Bf6 Qe8 50. Rd1 Rd7 51. Nh4 Kh7 52. Nf3 Kg8 53. Nh4 Kh7 54. Nf3 Kg8 55.
Kg3 Qf7 56. Nh4 Kh7 57. Nf3 Kg8 58. h4 Qh7 59. Rh1 Qh5 60. Qxh5 gxh5 61. Ng5
Bd5 62. e6 Ra7 63. e7 Ra8 64. Rd1 Re8 65. Rxc3 d3 66. Kf2 Ra8 67. g3 Re8 68.
Ke3 Bf7 69. Kd4 Rc8 70. Rdxd3 Rc5 71. Nxf7 Kxf7 72. Re3 Kxf6 73. e8=Q Rc7 74.
Re6+ Kg7 75. Qg6+ Kf8 76. Re8# 1-0

[Event "13. Lichtenberger Sommer"]
[Site "?"]
[Date "2014.08.18"]
[Round "3.96"]
[White "Kasper, Peter"]
[Black "Gnaß, Erhard"]
[Result "0-1"]
[WhiteElo "1764"]
[BlackElo "1539"]
[PlyCount "134"]
[EventDate "2014.??.??"]
[WhiteTeam "SG Eckturm"]
[BlackTeam "SK Zehlendorf e.V."]

1. e4 d6 2. d4 c6 3. Nf3 g6 4. c3 Bg7 5. h3 Nf6 6. Qc2 O-O 7. Bd3 Nbd7 8. Bf4
Re8 9. e5 dxe5 10. dxe5 Nd5 11. Bh2 Nc5 12. O-O Qb6 13. b3 Nxd3 14. Qxd3 Bf5
15. Qc4 h6 16. Nd4 Bd7 17. Nd2 e6 18. N4f3 f5 19. Qd3 Rad8 20. Rfc1 Qc7 21. a3
Nb6 22. c4 Bc8 23. Qe2 Nd7 24. c5 Nf8 25. b4 Rd5 26. Nc4 Red8 27. Nd6 g5 28.
Rc4 Ng6 29. Re1 Bf8 30. Nd2 Qg7 31. Nb1 Bxd6 32. exd6 Rd4 33. Rxd4 Qxd4 34. Qe3
Qxe3 35. Rxe3 Bd7 36. Nd2 Kf7 37. Nc4 f4 38. Re1 Kf6 39. f3 Re8 40. Kf1 e5 41.
Bg1 h5 42. Bf2 Nf8 43. Kg1 Ng6 44. Re2 Nf8 45. Nd2 Bf5 46. Ne4+ Bxe4 47. Rxe4
a6 48. Be1 Nd7 49. Bd2 h4 50. Bc3 Rd8 51. Kf1 Ke6 52. Ke2 Kd5 53. Kd3 Re8 54.
Re2 Rd8 55. Re4 Rb8 56. Be1 a5 57. bxa5 Nxc5+ 58. Kc3 Nxe4+ 59. fxe4+ Kxd6 60.
Kc4 b6 61. axb6 Rxb6 62. Bb4+ Kd7 63. a4 Ra6 64. a5 Ra8 65. Bc3 Ke6 66. Kc5 g4
67. hxg4 f3 0-1

[Event "13. Lichtenberger Sommer"]
[Site "?"]
[Date "2014.08.18"]
[Round "3.97"]
[White "Krawatzki, Armin"]
[Black "Kaufmann, Mathias"]
[Result "1-0"]
[WhiteElo "1689"]
[BlackElo "1559"]
[PlyCount "69"]
[EventDate "2014.??.??"]
[WhiteTeam "SVG Läufer Reinickendorf e.V."]

1. Nf3 c5 2. g3 d5 3. Bg2 Nf6 4. d3 e6 5. O-O Be7 6. b3 Nbd7 7. Bb2 b6 8. Nbd2
Bb7 9. e3 Rc8 10. c4 O-O 11. Qe2 Re8 12. Rfd1 Ba6 13. Rac1 b5 14. Ne5 Nxe5 15.
Bxe5 Bd6 16. Bxf6 Qxf6 17. cxd5 exd5 18. Bxd5 Rcd8 19. Bg2 b4 20. Nc4 Qg6 21.
Qc2 Rc8 22. Nxd6 Qxd6 23. Bf1 Bb7 24. Bh3 Qc6 25. e4 Rc7 26. Qb1 Rce7 27. Bg2
f5 28. Qc2 Rxe4 29. dxe4 fxe4 30. Qc4+ Kf8 31. Qxc5+ Qxc5 32. Rxc5 Ba6 33. Ra5
Be2 34. Re1 Bd3 35. Rxa7 1-0

[Event "13. Lichtenberger Sommer"]
[Site "?"]
[Date "2014.08.18"]
[Round "3.98"]
[White "Schweitzer, Paul"]
[Black "Paris, Gerhard"]
[Result "0-1"]
[WhiteElo "1712"]
[BlackElo "1536"]
[PlyCount "98"]
[EventDate "2014.??.??"]
[WhiteTeam "SV Königsjäger Süd-West e.V."]
[BlackTeam "TSG Oberschöneweide e.V."]

1. Nf3 d6 2. g3 g6 3. d4 Nf6 4. Bg5 Bg7 5. c3 O-O 6. Bxf6 Bxf6 7. Bg2 c5 8. e3
Nc6 9. Qb3 cxd4 10. exd4 Rb8 11. Nbd2 Na5 12. Qd1 b5 13. O-O d5 14. Re1 Bg4 15.
h3 Be6 16. Qe2 Nc4 17. Nf1 b4 18. Ne3 Nxe3 19. fxe3 a5 20. Rac1 a4 21. g4 h6
22. e4 dxe4 23. Qxe4 Bxa2 24. Ra1 Bd5 25. Qc2 bxc3 26. bxc3 Bb3 27. Qe4 Rc8 28.
h4 Qc7 29. g5 hxg5 30. hxg5 Bg7 31. Rac1 Rcd8 32. Qe3 Rfe8 33. Kf2 Rd6 34. Qf4
Rd7 35. Qh4 f5 36. Rh1 e5 37. Qh7+ Kf7 38. Rh6 Qd6 39. dxe5 Qb6+ 40. Nd4 Rxd4
41. cxd4 Qxd4+ 42. Kg3 Qxe5+ 43. Kh3 Qe3+ 44. Kh2 Qf4+ 45. Kg1 Qxc1+ 46. Kh2
Qf4+ 47. Kh1 Re1+ 48. Bf1 Rxf1+ 49. Kg2 Qf2+ 0-1

[Event "13. Lichtenberger Sommer"]
[Site "?"]
[Date "2014.08.18"]
[Round "3.99"]
[White "Toth, Hans-Jürgen"]
[Black "Dinslage, Klaus-Dieter"]
[Result "0-1"]
[WhiteElo "1631"]
[BlackElo "1721"]
[PlyCount "83"]
[EventDate "2014.??.??"]
[WhiteTeam "Schachfreunde Zehdenick 76 e.V."]
[BlackTeam "Bahn-Schachclub Wuppertal"]

1. f4 d6 2. Nf3 Nc6 3. e3 e5 4. Bc4 d5 5. Bb5 e4 6. Ne5 Bd7 7. Bxc6 bxc6 8. O-O
Nf6 9. b3 h5 10. Bb2 Ng4 11. Nxd7 Qxd7 12. h3 Nf6 13. a4 h4 14. Bxf6 gxf6 15.
Nc3 Rg8 16. Kh2 Bb4 17. Ne2 Bd6 18. d3 f5 19. Nd4 Rh8 20. c4 Bc5 21. Qc2 Bxd4
22. exd4 Rg8 23. c5 f6 24. a5 Rg3 25. Rad1 Rb8 26. Rd2 Qc8 27. Rb1 Kf7 28. Qd1
Qh8 29. b4 Qh6 30. Qf1 Rbg8 31. Rf2 Re3 32. Qd1 Qg6 33. Qd2 Qg3+ 34. Kg1 Qxh3
35. Qd1 Qg3 36. Qh5+ Ke6 37. Qd1 h3 38. Qf1 Qh4 39. Rbb2 Rxg2+ 40. Rxg2 hxg2
41. Rxg2 Re1 42. Rh2 0-1

[Event "13. Lichtenberger Sommer"]
[Site "?"]
[Date "2014.08.18"]
[Round "3.100"]
[White "Hommel, Niclas"]
[Black "Schmole-Rostosky, Joachim"]
[Result "1-0"]
[WhiteElo "1575"]
[BlackElo "1650"]
[PlyCount "64"]
[EventDate "2014.??.??"]
[WhiteTeam "Schachunion Berlin e.V."]
[BlackTeam "SF Schwarz-Weiß Merzhausen"]

1. e4 e6 2. d4 d5 3. exd5 exd5 4. Nf3 Nf6 5. Qe2+ Qe7 6. Be3 Bf5 7. Nc3 h6 8.
h3 c6 9. g4 Be4 10. Bg2 Qb4 11. O-O-O Nbd7 12. Bd2 Qd6 13. Nh4 O-O-O 14. Bxe4
Re8 15. Nf5 Qc7 16. f3 g6 17. Nh4 Bd6 18. Rhg1 Bg3 19. Ng2 g5 20. Be1 Bd6 21.
Bf2 Re6 22. Qd3 dxe4 23. fxe4 Bf4+ 24. Kb1 Rd8 25. Nxf4 gxf4 26. Rge1 Nc5 27.
Qf3 Ncd7 28. Bh4 Nb6 29. e5 Nfd5 30. Bxd8 Nxc3+ 31. Qxc3 Qxd8 32. Qa5 Kb8 1-0

[Event "13. Lichtenberger Sommer"]
[Site "?"]
[Date "2014.08.18"]
[Round "3.101"]
[White "Glase, Johan"]
[Black "Walther, Lothar"]
[Result "1-0"]
[WhiteElo "1689"]
[BlackElo "1530"]
[PlyCount "94"]
[EventDate "2014.??.??"]
[WhiteTeam "Schachunion Berlin e.V."]
[BlackTeam "SV Turbine Berlin e.V."]

1. d4 e6 2. e3 d5 3. Bd3 c5 4. c3 Nf6 5. Nd2 c4 6. Bc2 a6 7. Ngf3 Be7 8. O-O b5
9. e4 O-O 10. Re1 Bb7 11. e5 Nfd7 12. Nf1 Re8 13. h3 h6 14. N3h2 Nf8 15. Qg4
Kh8 16. Re3 f5 17. exf6 Bxf6 18. Rg3 Bc8 19. Bxh6 Qe7 20. Bg5 Bxg5 21. Qxg5
Qxg5 22. Rxg5 Nh7 23. Rh5 g6 24. Bxg6 Re7 25. Nf3 Nd7 26. Rxh7+ Rxh7 27. Bxh7
Kxh7 28. Ng5+ Kg6 29. Nxe6 Nf6 30. Nc5 Ra7 31. Re1 Rc7 32. Re5 Kf7 33. Ne3 Nd7
34. Nxd7 Rxd7 35. Nxd5 Bb7 36. Ne3 Kf6 37. f4 Rg7 38. Nd5+ Bxd5 39. Rxd5 Ke6
40. Rg5 Ra7 41. Kf2 Kf6 42. g4 Rb7 43. a3 a5 44. Rc5 b4 45. axb4 axb4 46. Rxc4
bxc3 47. bxc3 Rb2+ 1-0

[Event "13. Lichtenberger Sommer"]
[Site "?"]
[Date "2014.08.18"]
[Round "3.102"]
[White "Kostanyan, Hakob"]
[Black "Aizpurua Zufiria, Inaki"]
[Result "1-0"]
[WhiteElo "1517"]
[BlackElo "1545"]
[PlyCount "43"]
[EventDate "2014.??.??"]
[WhiteTeam "SC Weisse Dame e.V."]
[BlackTeam "Gros Xake Taldea"]

1. e4 c5 2. Nf3 e6 3. d4 cxd4 4. Nxd4 a6 5. Nc3 Qc7 6. Be3 Nf6 7. Be2 Nc6 8.
Qd2 Bb4 9. f3 d5 10. Nxc6 bxc6 11. a3 Qa5 12. O-O Bxc3 13. Qxc3 Qxc3 14. bxc3
dxe4 15. fxe4 Nxe4 16. Bf3 f5 17. Bxe4 fxe4 18. Rf4 Rb8 19. Rxe4 Rf8 20. Rd4
Rf5 21. c4 Rb2 22. Rad1 1-0

[Event "13. Lichtenberger Sommer"]
[Site "?"]
[Date "2014.08.18"]
[Round "3.103"]
[White "Kammler, Hans-Joachim"]
[Black "Pöcheim, Stephan"]
[Result "0-1"]
[WhiteElo "1504"]
[BlackElo "1530"]
[PlyCount "64"]
[EventDate "2014.??.??"]
[BlackTeam "Sfrd. Berlin 1903 e.V."]

1. e4 g6 2. d4 Bg7 3. Nf3 d6 4. Nc3 Nc6 5. Be3 Bg4 6. Bb5 a6 7. Bxc6+ bxc6 8.
h3 Bd7 9. Rb1 Qc8 10. Ne2 Nf6 11. Ng3 Rb8 12. c3 O-O 13. Qd2 Ne8 14. Bh6 f5 15.
Bxg7 Kxg7 16. Qg5 Rf7 17. e5 h6 18. Qd2 f4 19. Ne2 Bf5 20. Rc1 Qe6 21. b3 g5
22. O-O Bxh3 23. gxh3 Qxh3 24. Nh2 f3 25. Nxf3 Rxf3 26. Ng3 Kh8 27. Qe2 Qg4 28.
Kh2 Rxg3 29. Qxg4 Rxg4 30. Rce1 d5 31. Kh3 Rf4 32. f3 Ng7 0-1

[Event "13. Lichtenberger Sommer"]
[Site "?"]
[Date "2014.08.18"]
[Round "3.104"]
[White "Stark, Steven"]
[Black "Koerber, Bernhard"]
[Result "0-1"]
[WhiteElo "1502"]
[BlackElo "1640"]
[PlyCount "154"]
[EventDate "2014.??.??"]
[WhiteTeam "VfB Hermsdorf e.V."]
[BlackTeam "SG Lasker Steglitz-Wilmersdorf"]

1. d4 Nf6 2. Nf3 g6 3. g3 Bg7 4. Bg2 O-O 5. O-O d5 6. c3 c6 7. Nbd2 b6 8. h3
Nbd7 9. b4 Re8 10. a4 a6 11. Ba3 Qc7 12. Qc2 Bb7 13. e3 Rac8 14. Nh2 e5 15.
Ndf3 exd4 16. cxd4 c5 17. bxc5 bxc5 18. Rac1 c4 19. Rb1 Rb8 20. Nd2 Bc6 21.
Rfc1 Rxb1 22. Nxb1 Qa5 23. Nc3 Nb6 24. Bd6 Nxa4 25. Ra1 Qxc3 26. Qxc3 Nxc3 27.
Rxa6 Ba4 28. Bf3 Bc2 29. Ng4 Nxg4 30. hxg4 Ne4 31. Ba3 Bd3 32. Ra5 c3 33. Rxd5
Nd2 34. Bg2 c2 35. Rc5 Rb8 36. Rc3 Nb1 37. Rxd3 Nxa3 38. Rc3 Rb1+ 39. Kh2 c1=Q
40. Rxc1 Rxc1 41. d5 Rd1 42. Bf3 Rd2 43. Kg2 Nc4 44. Kf1 Ne5 45. Be2 Rxd5 46.
f4 Nc4 47. Bxc4 Rd2 48. Be2 Bf8 49. Kf2 Bc5 50. g5 Ra2 51. Kf3 Ra3 52. Bc4
Rxe3+ 53. Kg4 Bb4 54. f5 Be1 55. Kf4 Rxg3 56. fxg6 hxg6 57. Bd5 Kg7 58. Ba2 Ra3
59. Bb1 Bd2+ 60. Kg4 Ra5 61. Bd3 Rxg5+ 62. Kh4 f6 63. Ba6 Kh6 64. Bb7 Be1+ 65.
Kh3 Rg3+ 66. Kh2 g5 67. Ba8 Kh5 68. Bd5 Kh4 69. Kh1 f5 70. Be6 f4 71. Bd5 f3
72. Bc4 Kh3 73. Bf1+ Kh4 74. Kh2 Bf2 75. Kh1 g4 76. Kh2 Rg1 77. Bh3 g3# 0-1

[Event "13. Lichtenberger Sommer"]
[Site "?"]
[Date "2014.08.18"]
[Round "3.105"]
[White "Kuhr, Stefan"]
[Black "Schmidt, Tim Lucas"]
[Result "1/2-1/2"]
[WhiteElo "1611"]
[BlackElo "1239"]
[PlyCount "126"]
[EventDate "2014.??.??"]
[WhiteTeam "SC Zugzwang 95 e.V."]
[BlackTeam "1. Schachclub Anhalt"]

1. c4 e5 2. Nc3 Nc6 3. g3 Nf6 4. Bg2 Bb4 5. a3 Bc5 6. b4 Bd4 7. Qc2 O-O 8. e3
Bxc3 9. Qxc3 d5 10. cxd5 Nxd5 11. Qc2 Re8 12. Ne2 Bg4 13. Bb2 Bxe2 14. Kxe2 Qd7
15. Kf1 Rad8 16. Be4 Nf6 17. Rd1 Nxe4 18. Qxe4 Qd5 19. Qxd5 Rxd5 20. f4 Red8
21. Ke2 exf4 22. gxf4 Ne7 23. e4 Rd3 24. Rhg1 Ng6 25. Rgf1 Rh3 26. Rf2 Re8 27.
e5 f6 28. d4 Rh4 29. Ke3 Rh3+ 30. Ke2 Rh4 31. Bc1 fxe5 32. fxe5 Rf8 33. Rxf8+
Kxf8 34. Rf1+ Ke8 35. Ke3 Rxh2 36. Ke4 Ke7 37. Bg5+ Ke8 38. Rc1 Kd7 39. Rf1 Ke8
40. Kd5 Rh5 41. Bc1 Ne7+ 42. Kc5 Rf5 43. Rg1 a6 44. b5 axb5 45. Kxb5 Kf7 46. a4
Nc6 47. Bb2 Rf3 48. Kc4 Rf4 49. Kd5 Rf5 50. Bc3 Ne7+ 51. Kc4 h5 52. d5 h4 53.
e6+ Ke8 54. Rxg7 Nxd5 55. Rh7 Nxc3 56. Kxc3 Re5 57. Rxh4 Rxe6 58. Rd4 Rd6 59.
Rc4 Kd7 60. Kb4 Rb6+ 61. Kc5 Rc6+ 62. Kd5 Rxc4 63. Kxc4 Kc6 1/2-1/2

[Event "13. Lichtenberger Sommer"]
[Site "?"]
[Date "2014.08.18"]
[Round "3.106"]
[White "Lippianowski, Stefan"]
[Black "Bui, Bao Anh Le"]
[Result "0-1"]
[WhiteElo "1220"]
[BlackElo "1576"]
[PlyCount "66"]
[EventDate "2014.??.??"]
[WhiteTeam "SV Mattnetz Berlin e.V."]
[BlackTeam "SV Mattnetz Berlin e.V."]

1. e4 c5 2. Bc4 e6 3. Nf3 Nc6 4. Nc3 g6 5. d3 Bg7 6. Be3 b6 7. Rb1 Bb7 8. Nb5
d6 9. d4 cxd4 10. Nfxd4 Ne5 11. b3 Nxc4 12. bxc4 Bxe4 13. f3 Bb7 14. Ne2 d5 15.
Bd4 e5 16. Bf2 Ne7 17. Nec3 O-O 18. a4 dxc4 19. Be3 Qxd1+ 20. Nxd1 Rfd8 21. h4
e4 22. Kf2 exf3 23. Bg5 fxg2 24. Re1 f6 25. Bf4 Nd5 26. Bh2 f5 27. Ne3 Nxe3 28.
Kxe3 Re8+ 29. Kf2 Bc6 30. Nc7 Rxe1 31. Rxe1 Rd8 32. Ne6 Re8 33. Nf4 Bd4+ 0-1

[Event "13. Lichtenberger Sommer"]
[Site "?"]
[Date "2014.08.18"]
[Round "3.107"]
[White "Fontaine, Constantin"]
[Black "Pöltelt, Helmut"]
[Result "0-1"]
[WhiteElo "1580"]
[BlackElo "1745"]
[PlyCount "60"]
[EventDate "2014.??.??"]
[WhiteTeam "SK Tempelhof 1931 e.V."]
[BlackTeam "SC Eintracht Berlin e.V."]

1. g3 e5 2. Bg2 d5 3. d3 f5 4. Nf3 Nc6 5. O-O Nf6 6. d4 e4 7. Ne5 Bd6 8. Bf4
Be6 9. Nc3 a6 10. f3 Nh5 11. fxe4 Nxf4 12. gxf4 fxe4 13. Nxe4 dxe4 14. d5 Bc5+
15. Kh1 Bxd5 16. c4 Nxe5 17. fxe5 Bc6 18. Qc2 Qe7 19. Bxe4 Bxe4+ 20. Qxe4 O-O-O
21. b4 Bd4 22. Rad1 Qxe5 23. Qg4+ Kb8 24. Rf5 Qe3 25. Rd3 Qc1+ 26. Kg2 Qg1+ 27.
Kf3 Qxg4+ 28. Kxg4 Bf6 29. h4 Rxd3 30. exd3 Rd8 0-1

[Event "13. Lichtenberger Sommer"]
[Site "?"]
[Date "2014.08.18"]
[Round "3.108"]
[White "Lange, Johannes Friedrich"]
[Black "Lange, Cecilia"]
[Result "0-1"]
[WhiteElo "1268"]
[BlackElo "1553"]
[PlyCount "52"]
[EventDate "2014.??.??"]
[WhiteTeam "Schachunion Berlin e.V."]
[BlackTeam "TSG Oberschöneweide e.V."]

1. d4 Nf6 2. c4 e6 3. Nc3 c5 4. Nf3 cxd4 5. Nxd4 d5 6. e3 Be7 7. Bd3 O-O 8. O-O
b6 9. Re1 Bb7 10. Qc2 h6 11. e4 dxe4 12. Bxe4 Nxe4 13. Nxe6 fxe6 14. Nxe4 Qd4
15. Bd2 Nd7 16. Re2 Rad8 17. Rb1 Nc5 18. Nxc5 Bxc5 19. Be3 Qg4 20. f4 Bxe3+ 21.
Rxe3 Qxf4 22. Rxe6 Rd2 23. Qxd2 Qxd2 24. Rg6 Qf2+ 25. Kh1 Qf1+ 26. Rxf1 Rxf1#
0-1

[Event "13. Lichtenberger Sommer"]
[Site "?"]
[Date "2014.08.18"]
[Round "3.109"]
[White "Wilke, Hans-Peter"]
[Black "Dittrich, Hans-Jürgen"]
[Result "1-0"]
[WhiteElo "1474"]
[BlackElo "1166"]
[PlyCount "61"]
[EventDate "2014.??.??"]
[WhiteTeam "SVG Läufer Reinickendorf e.V."]
[BlackTeam "vereinslos"]

1. b4 e5 2. Bb2 Bxb4 3. Bxe5 Nf6 4. e3 Nc6 5. Bb2 O-O 6. Nf3 Re8 7. c4 Na5 8.
Be2 Bd6 9. O-O b6 10. d3 Bb7 11. Nc3 a6 12. a4 Nc6 13. d4 Rb8 14. d5 Ne5 15.
Qc2 c6 16. Rfd1 cxd5 17. cxd5 Nxf3+ 18. Bxf3 Rc8 19. Qd3 Be5 20. Rab1 Rc5 21.
e4 d6 22. Ne2 Qc7 23. Bxe5 Rxe5 24. Rbc1 a5 25. Rxc5 dxc5 26. Rc1 Qd6 27. Nc3
Bc8 28. Be2 Bg4 29. f3 Bd7 30. f4 Ng4 31. Bxg4 1-0

[Event "13. Lichtenberger Sommer"]
[Site "?"]
[Date "2014.08.18"]
[Round "3.110"]
[White "Pilgrim, Wilfried"]
[Black "Radloff, Rainer"]
[Result "0-1"]
[WhiteElo "1459"]
[BlackElo "1706"]
[PlyCount "106"]
[EventDate "2014.??.??"]
[WhiteTeam "SC Kreuzberg e.V."]
[BlackTeam "SC Weisse Dame e.V."]

1. Nf3 Nf6 2. c4 c5 3. Nc3 e6 4. e4 d6 5. d4 cxd4 6. Nxd4 a6 7. Nf3 Be7 8. Be2
O-O 9. O-O Nbd7 10. Qc2 Re8 11. Rd1 Qc7 12. h3 b6 13. Be3 Bb7 14. a4 Nc5 15.
Bxc5 dxc5 16. e5 Nd7 17. Bd3 g6 18. Be4 Bxe4 19. Nxe4 Nxe5 20. Nxe5 Qxe5 21.
Re1 Qc7 22. Qc3 Rad8 23. b3 Rd7 24. a5 Red8 25. axb6 Qxb6 26. Qe3 Rd3 27. Qf4
Rxb3 28. Nf6+ Bxf6 29. Qxf6 Rbd3 30. Rab1 Qc7 31. h4 h5 32. g3 a5 33. Kh2 a4
34. Rb5 Qc6 35. Reb1 Qf3 36. Qxf3 Rxf3 37. Kg2 Rf5 38. Rb8 Rxb8 39. Rxb8+ Kg7
40. Ra8 Kf6 41. Rxa4 Ke5 42. f4+ Kd4 43. Kf3 e5 44. Ra3 Kxc4 45. Ke4 exf4 46.
gxf4 Rf6 47. Ra7 Kb3 48. Ke5 Rf5+ 49. Ke4 c4 50. Rd7 Kc2 51. Ke3 c3 52. Rd3 Kb2
53. Rd4 c2 0-1